Koszykarze NBA z każdego zespołu - Statystyki

Ogólne statystyki
  • Ten quiz został rozwiązany 289 razy
  • Średni wynik to 8 z 30
Statystyki odpowiedzi
Obrazkowy Odpowiedź % Poprawnych
LeBron James
100%
Bol Bol
53%
Kevin Love
53%
Dillon Brooks
50%
DeAndre Jordan
43%
Bogdan Bogdanovic
37%
Mike Conley
33%
Obi Toppin
33%
Ricky Rubio
32%
Keldon Johnson
31%
Nicolas Batum
31%
Patrick Beverley
28%
Buddy Hield
25%
Cam Thomas
24%
Willy Hernangomez
23%
Shaedon Sharpe
22%
Mark Williams
21%
Luke Kornet
19%
Aleksej Pokusevski
18%
Taj Gibbson
17%
Kevin Porter
13%
Josh Green
11%
Jaden Ivey
9%
Jevon Carter
9%
Josh Okogie
8%
Furkan Korkmaz
5%
Anthony Lamb
4%
Davion Mitchell
3%
Ochai Agbaji
3%
Precious Achiuwa
2%
Nie znaleziono quizów pasujących do podanych kryteriów
Rozkład punktacji
Procent ludzi z każdym wynikiem
Percentyl według liczby udzielonych odpowiedzi
Twoja historia wyników
Nie rozwiązałeś tego quizu